LDR 00811naa#a2200181#i#450# 001 RU\INFRA-M\bibl\101165 005 20260416150314.4 011 ## _a2500-3305 100 ## _a20250627b2025####ek#y0rusy0150####ca 102 ## _aRU 200 1# _aПсихологическая помощь семьям с детьми 
в ситуации после развода _eЖурнальная статья 210 1# _aМосква _cОбщество с ограниченной ответственностью «Научно-издательский центр ИНФРА-М» _d2025 215 ## _a5 с. 608 ## _aЖурнальная статья _2local 675 ## _aПрочие вопросы психологии. 159.99 _z 700 #1 _aИванцов _gО. В. 700 #1 _aКонтанистова _gА. С. 856 4# _anaukaru.ru _u